02163cam a22003255i 450000100090000000300090000900500170001800800410003502000310007602000280010704001170013508200240025210000470027624500550032326400350037826400100041330000570042333600260048033700280050633800270053450400520056150509410061365000490155465100100160365300210161365500170163494200120165199900170166395201570168017352083EG-ScBUE20260124100506.0120619t2013 nyua frb 001 0 eng d a9780387708065 (alk. paper) a0387708065 (alk. paper) aNLMbengerdacNLMdBTCTAdYDXCPdCDXdOCLCOdBWXdOHXdCFIdMUUdSDBdOCLCOdOCLCFdOCLCQdOCLCOdDLCdEG-ScBUE04222a572.860727bXUU1 aXu, Shizhongc(Geneticist)eauthor.93963510aPrinciples of statistical genomics /cShizhong Xu. 1aNew York : bSpringer,c[2013] 4cc2013 axv, 428 pages :billustrations (some color) ;c24 cm 2rdacontentatextbtxt aunmediated2rdamediabn avolumebnc2rdacarrier aIncludes bibliographical references and index. 0 aMap functions -- Recombination fraction -- Genetic map construction -- Multipoint analysis of Mendelian loci -- Basic concepts of quantitative genetics -- Major gene detection -- Segregation analysis -- Genome scanning for quantitative trait loci -- Interval mapping -- Interval mapping for ordinal traits -- Mapping segregation distortion loci -- QTL mapping in other populations -- Random model approach to QTL mapping -- Mapping QTL for multiple traits -- Bayesian multiple QTL mapping -- Empirical Bayesian QTL mapping -- Microarray differential expression analysis -- Hierarchical clustering of microarray data -- Model-based clustering of microarray data -- Gene-specific analysis of variances -- Factor analysis of microarray data -- Classification of tissue samples using microarrays -- Time-course microarray data analysis -- Quantitative trait-associated microarray data analysis -- Mapping expression quantitative trait loci. 7aGenomicsxStatistical methods.2BUEsh939636 2BUEsh bPPhrmcMarch2016 vReading book 2ddccBB c21468d21440 00102ddc40708Scien. H.aMAINbMAINc1STd2016-03-22ePurchaseg900.00h2l0o572.860727 XUUp000032131r2025-07-15 00:00:00v1125.00w2016-03-22yBB